000 00326nam a22001217a 4500
008 230607b xxu||||| |||| 00| 0 eng d
082 _a948.2
_bROB
100 _cPriscilla Robertson
245 _aRevolutions of 1848: A Social History
260 _aLondon
_bPrinceton University Press
_c1952
300 _aXI,464p
942 _2ddc
_cBK
999 _c816
_d816